Nouveau sonimage : débutants : 8 EGB

Gespeichert in:
Bibliographische Detailangaben
1. Verfasser: Grandía Mateu, Luis .
Format: Buch
Sprache:Französisch
Erschienen: Madrid : SM, 1993
Katalog:MANES:  Suchergebnis im Bibliothekskatalog
Schulbuchspezifische Eigenschaften:
Tags: Tag hinzufügen
Keine Tags, Fügen Sie den ersten Tag hinzu!
Hinzugefügt zu:01.12.1987
Geändert in:07.05.2025

MARC

LEADER 00000cam a2200000 i 4500
005 20250507134359.0
008 871202s1993 espao fp 000 0 fre d
020 |a 8434819309 
040 |a uned  |b spa  |c entro-manes 
100 1 |a Grandía Mateu, Luis .  |9 308 
245 1 0 |a Nouveau sonimage :   |b débutants : 8 EGB /   |c Luis Grandía Mateu 
260 |a Madrid :   |b SM,   |c 1993 
300 |a 207 p. :   |b il. 
546 |a España 
561 |5 es-BUNED  |3 L.T.M. 2574  |a España. Fondo Manes UNED  |k MANES 
690 0 |a LE 
691 0 |a PRI 
942 |2 ddc  |c BK 
999 |c 93091  |d 93091 
999 |c manes:93091  |d 93091